Countries by Closest Country / Longest Border - Statistics

General Stats
  • This quiz has been taken 19 times
  • The average score is 131 of 196
Answers on the Map
Answers color-coded by a green-red scale on the quiz's map according to % correct below.
 
Answer Stats
Answer % Correct
Armenia
100%
Azerbaijan
100%
Bahrain
100%
Georgia
100%
Iran
100%
Iraq
100%
Kazakhstan
100%
Kuwait
100%
Oman
100%
Qatar
100%
Russia
100%
Saudi Arabia
100%
Syria
100%
Turkey
100%
Turkmenistan
100%
United Arab Emirates
100%
Uzbekistan
100%
Yemen
100%
Albania
82%
Austria
82%
Bolivia
82%
Bosnia and Herzegovina
82%
Brazil
82%
Bulgaria
82%
Colombia
82%
Croatia
82%
Czechia
82%
Dominica
82%
France
82%
Germany
82%
Greece
82%
Grenada
82%
Guyana
82%
Hungary
82%
Italy
82%
Kosovo
82%
Moldova
82%
Montenegro
82%
North Macedonia
82%
Peru
82%
Poland
82%
Romania
82%
Saint Lucia
82%
Saint Vincent and the Grenadines
82%
Serbia
82%
Slovakia
82%
Slovenia
82%
Suriname
82%
Trinidad and Tobago
82%
Ukraine
82%
Venezuela
82%
Algeria
73%
Angola
73%
Belize
73%
Benin
73%
Botswana
73%
Burkina Faso
73%
Burundi
73%
Cameroon
73%
Canada
73%
Central African Republic
73%
Chad
73%
Costa Rica
73%
Cuba
73%
Democratic Republic of the Congo
73%
Dominican Republic
73%
Egypt
73%
El Salvador
73%
Equatorial Guinea
73%
Eswatini
73%
Ethiopia
73%
Gabon
73%
Gambia
73%
Ghana
73%
Guatemala
73%
Guinea
73%
Guinea-Bissau
73%
Haiti
73%
Honduras
73%
Ireland
73%
Israel
73%
Ivory Coast
73%
Jordan
73%
Kenya
73%
Lebanon
73%
Lesotho
73%
Liberia
73%
Libya
73%
Malawi
73%
Mali
73%
Mauritania
73%
Mexico
73%
Morocco
73%
Mozambique
73%
Namibia
73%
Nicaragua
73%
Niger
73%
Nigeria
73%
Panama
73%
Republic of the Congo
73%
Rwanda
73%
Sao Tome and Principe
73%
Senegal
73%
Sierra Leone
73%
Somalia
73%
South Africa
73%
South Sudan
73%
Sudan
73%
Tanzania
73%
Togo
73%
Uganda
73%
United Kingdom
73%
United States
73%
Zambia
73%
Zimbabwe
73%
Andorra
64%
Argentina
64%
Bahamas
64%
Belgium
64%
Chile
64%
Cyprus
64%
Denmark
64%
Ecuador
64%
Jamaica
64%
Liechtenstein
64%
Luxembourg
64%
Malta
64%
Monaco
64%
Netherlands
64%
Portugal
64%
Saint Kitts and Nevis
64%
San Marino
64%
Spain
64%
Switzerland
64%
Tunisia
64%
Vatican City
64%
Antigua and Barbuda
55%
Barbados
55%
Belarus
55%
China
55%
Estonia
55%
Finland
55%
Iceland
55%
Latvia
55%
Lithuania
55%
Mongolia
55%
North Korea
55%
Norway
55%
Paraguay
55%
South Korea
55%
Sweden
55%
Uruguay
55%
Bangladesh
45%
Cabo Verde
45%
Comoros
45%
Djibouti
45%
Eritrea
45%
India
45%
Indonesia
45%
Japan
45%
Laos
45%
Madagascar
45%
Malaysia
45%
Maldives
45%
Mauritius
45%
Myanmar
45%
Papua New Guinea
45%
Philippines
45%
Seychelles
45%
Taiwan
45%
Thailand
45%
Vietnam
45%
Afghanistan
36%
Australia
36%
Bhutan
36%
Brunei
36%
Cambodia
36%
East Timor
36%
Fiji
36%
Kiribati
36%
Kyrgyzstan
36%
Marshall Islands
36%
Micronesia
36%
Nepal
36%
New Zealand
36%
Pakistan
36%
Palau
36%
Samoa
36%
Singapore
36%
Solomon Islands
36%
Sri Lanka
36%
Tajikistan
36%
Tonga
36%
Tuvalu
36%
Vanuatu
36%
Nauru
27%
No matching quizzes found
Score Distribution
Percent of People with Each Score
Percentile by Number Answered
Your Score History
You have not taken this quiz